Pokémon - Les attaques de Posipi - Statistiques

Statistiques générales
  • Ce quiz a été pris 35 fois
    12 depuis la dernière actualisation
  • Le résultat moyen est 9 sur 20
Statistiques - réponses
Niveaux Types Noms des attaques % Correct
Départ Électrique Cage-Éclair
88%
Niveau 7 Électrique Étincelle
75%
Réapprentissage Électrique Frotte-Frimousse
75%
Départ Normal Rugissement
75%
Niveau 31 Électrique Coup d'Jus
63%
Niveau 4 Normal Coup d'Main
63%
Niveau 19 Électrique Boule Élek
50%
Niveau 26 Électrique Chargeur
50%
Niveau 43 Électrique Fatal-Foudre
50%
Niveau 37 Psy Hâte
50%
Niveau 46 Ténèbres Machination
50%
Départ Normal Vive-Attaque
50%
Départ Normal Camaraderie
25%
Niveau 10 Normal Encore
25%
Niveau 16 Normal Météores
25%
Niveau 13 Ténèbres Passe-Passe
25%
Niveau 49 Normal Ten-danse
25%
Niveau 40 Normal Dernier Recours
13%
Niveau 22 Normal Photocopie
13%
Niveau 34 Normal Relais
13%
Aucun quiz correspondant
Distribution des résultats
% des personnes avec chaque résultat
Percentile par nombre de réponses
Votre historique - résultats
Vous n’avez pas pris ce quiz depuis la dernière actualisation